000 00602nam a2200181 i 4500
001 148581
003 ES-MaACL
005 20230906202718.0
007 t|
008 070214s1930 fr r ||||1| fre d
100 1 _aStrupp, Karl.
_9108468
245 1 0 _aÉléments du droit international public universel, européen et américain /
_cpar Karl Strupp ; préface d'Alejandro Alvarez.
250 _a2e éd., rev. et amplement augm.
260 _aParis :
_bLes editions internationales,
_c1930.
300 _a3 vol. ;
_c23 cm.
700 1 _aAlvarez, Alejandro.
_920610
852 _aES-MaACL
_jA-1650-52
999 _c148581
_d148581